[Event "BCF-chT3N 1819 (4NCL)"]
[Site "England"]
[Date "2019.03.16"]
[Round "7.13"]
[White "Gayson, Peter"]
[Black "Acey, Gerald"]
[Result "1/2-1/2"]
[WhiteElo "2125"]
[BlackElo "2094"]
[PlyCount "68"]
[EventDate "2018.11.10"]
[EventType "team-swiss"]
[EventRounds "11"]
[EventCountry "ENG"]
[SourceTitle "EXT 2021"]
[Source "ChessBase"]
[SourceDate "2020.10.23"]
[SourceVersion "1"]
[SourceVersionDate "2020.10.23"]
[SourceQuality "1"]
[WhiteTeam "White Rose II"]
[BlackTeam "Cheddleton II"]
[WhiteTeamCountry "ENG"]
[BlackTeamCountry "ENG"]

1. e4 e5 2. Nf3 Nc6 3. d4 exd4 4. Bc4 Nf6 5. 0-0 Nxe4 6. Re1 d5 7. Bxd5 Qxd5 8. Nc3 Qa5 9. Nxe4 Be6 10. Bd2 Qb5 11. Bg5 h6 12. Bh4 Bc5 13. a4 Qc4 14. b3 Qd5 15. Bf6 0-0 16. Nxc5 Qxc5 17. Bxd4 Nxd4 18. Nxd4 Rad8 19. Nxe6 fxe6 20. Qe2 Rd6 21. Rad1 Rfd8 22. Rxd6 Rxd6 23. g3 a5 24. Rd1 Rxd1+ 25. Qxd1 Qd5 26. Qg4 c6 27. h4 b5 28. Kh2 bxa4 29. bxa4 c5 30. c4 Qd7 31. Qe4 Kf7 32. Qf3+ Ke7 33. Qb3 Qd4 34. Kg2 Qe4+ 1/2-1/2

[Event "BCF-chT3N 1819 (4NCL)"]
[Site "England"]
[Date "2019.02.09"]
[Round "5.43"]
[White "Acey, Gerald"]
[Black "Johnson, Paul A"]
[Result "1/2-1/2"]
[WhiteElo "2110"]
[BlackElo "1820"]
[PlyCount "87"]
[EventDate "2018.11.10"]
[EventType "team-swiss"]
[EventRounds "11"]
[EventCountry "ENG"]
[SourceTitle "EXT 2021"]
[Source "ChessBase"]
[SourceDate "2020.10.23"]
[SourceVersion "1"]
[SourceVersionDate "2020.10.23"]
[SourceQuality "1"]
[WhiteTeam "Cheddleton II"]
[BlackTeam "Bradford DCA Knights III"]
[WhiteTeamCountry "ENG"]
[BlackTeamCountry "ENG"]

1. d4 d5 2. Nf3 Nf6 3. g3 Bf5 4. Bg2 e6 5. 0-0 h6 6. c4 c6 7. Nc3 Bd6 8. Ne5 Nbd7 9. f4 0-0 10. Bd2 Rc8 11. Rc1 Qe7 12. c5 Bc7 13. b4 a6 14. e3 Ra8 15. Qe2 Ne4 16. Nxe4 Bxe4 17. Bxe4 dxe4 18. Nxd7 Qxd7 19. g4 f5 20. Be1 Bd8 21. Rb1 Bf6 22. Bg3 Rf7 23. gxf5 exf5 24. Qc4 Kh7 25. Rfd1 Rd8 26. a4 Qd5 27. Qxd5 Rxd5 28. b5 axb5 29. axb5 cxb5 30. Rxb5 g5 31. Rdb1 Rdd7 32. Kf2 Kg6 33. Rb6 Kg7 34. Re6 g4 35. Ke2 h5 36. Be1 Bd8 37. Bc3 Bf6 38. Rb5 Rd5 39. Reb6 Rdd7 40. c6 bxc6 41. Rxf5 Rd5 42. Rxd5 cxd5 43. Rb5 Rd7 44. Be1 1/2-1/2

[Event "BCF-chT3N 1819 (4NCL)"]
[Site "England"]
[Date "2019.01.12"]
[Round "3.43"]
[White "Livesey, R Nigel"]
[Black "Acey, Gerald"]
[Result "1/2-1/2"]
[WhiteElo "1825"]
[BlackElo "2117"]
[PlyCount "106"]
[EventDate "2018.11.10"]
[EventType "team-swiss"]
[EventRounds "11"]
[EventCountry "ENG"]
[SourceTitle "EXT 2021"]
[Source "ChessBase"]
[SourceDate "2020.10.23"]
[SourceVersion "1"]
[SourceVersionDate "2020.10.23"]
[SourceQuality "1"]
[WhiteTeam "Manchester Manticores IV"]
[BlackTeam "Cheddleton II"]
[WhiteTeamCountry "ENG"]
[BlackTeamCountry "ENG"]

1. c4 e6 2. g3 d5 3. Bg2 c5 4. Nf3 Nc6 5. cxd5 exd5 6. 0-0 Nf6 7. d3 Be7 8. Bg5 0-0 9. Nc3 h6 10. Bf4 Be6 11. Rc1 Rc8 12. Na4 b6 13. b3 Qd7 14. Nb2 Rfd8 15. d4 Bh3 16. dxc5 bxc5 17. Nd3 Bxg2 18. Kxg2 Ne4 19. Nde5 Nxe5 20. Nxe5 Qe6 21. Nf3 Bf6 22. Qc2 Nc3 23. Rfe1 d4 24. Qd3 Nxa2 25. Rc4 Nb4 26. Qb1 Nd5 27. Bd2 Nb6 28. Rcc1 Re8 29. e3 Qd7 30. exd4 cxd4 31. Qd3 Rxe1 32. Rxe1 Qd5 33. Kg1 Rd8 34. Ra1 Qd7 35. Re1 Qb7 36. Re4 Qd5 37. Re1 Nd7 38. b4 Nf8 39. Ra1 Rd7 40. Ra5 Qd6 41. Ra6 Qe7 42. Ra5 Ne6 43. Ne5 Rc7 44. Ng4 Ng5 45. Nxf6+ Qxf6 46. f4 Ne6 47. Qe4 Qd8 48. h4 d3 49. Rd5 Rd7 50. Rxd7 Qxd7 51. Qa8+ Kh7 52. Qe4+ Kg8 53. Qa8+ Kh7 1/2-1/2

[Event "BCF-chT3N 1617 (4NCL)"]
[Site "England"]
[Date "2016.11.26"]
[Round "1.52"]
[White "Doran, Chris"]
[Black "Acey, Gerald"]
[Result "0-1"]
[WhiteElo "1977"]
[BlackElo "2118"]
[PlyCount "56"]
[EventDate "2016.11.26"]
[EventType "team-swiss"]
[EventRounds "11"]
[EventCountry "ENG"]
[SourceTitle "EXT 2019"]
[Source "ChessBase"]
[SourceDate "2018.10.10"]
[SourceVersion "1"]
[SourceVersionDate "2018.10.10"]
[SourceQuality "1"]
[WhiteTeam "Holmes Chapel"]
[BlackTeam "Cheddleton II"]
[WhiteTeamCountry "ENG"]
[BlackTeamCountry "ENG"]

1. e4 e5 2. Nf3 Nc6 3. Bb5 a6 4. Ba4 Nge7 5. c3 g6 6. 0-0 Bg7 7. d4 exd4 8. cxd4 b5 9. Bb3 0-0 10. Bg5 d6 11. Bd5 Bb7 12. Qc1 Qc8 13. Bxe7 Nxe7 14. Bxb7 Qxb7 15. Nbd2 Rac8 16. Re1 c5 17. Qd1 Nc6 18. d5 Nb4 19. Re3 c4 20. Rb1 Nd3 21. Qc2 Qc7 22. Nf1 Qa5 23. a3 Rfe8 24. N1d2 Nxb2 25. e5 c3 26. Nb3 Qc7 27. exd6 Qxd6 28. Rxe8+ Rxe8 0-1

[Event "BCF-chT3Nc 1516 (4NCL)"]
[Site "England"]
[Date "2016.05.01"]
[Round "10.86"]
[White "Whitehead, Mark A"]
[Black "Acey, Gerald"]
[Result "0-1"]
[WhiteElo "1975"]
[BlackElo "2103"]
[PlyCount "58"]
[EventDate "2016.03.20"]
[EventType "team-swiss"]
[EventRounds "11"]
[EventCountry "ENG"]
[SourceTitle "EXT 2017"]
[Source "ChessBase"]
[SourceDate "2016.10.25"]
[SourceVersion "1"]
[SourceVersionDate "2016.10.25"]
[SourceQuality "1"]
[WhiteTeam "Manchester Manticores II"]
[BlackTeam "Cheddleton II"]
[WhiteTeamCountry "ENG"]
[BlackTeamCountry "ENG"]

1. e4 e5 2. Nf3 Nc6 3. Bb5 a6 4. Ba4 Nf6 5. 0-0 Be7 6. Re1 b5 7. Bb3 d6 8. c3 0-0 9. h3 Nb8 10. d4 Nbd7 11. Nbd2 Bb7 12. Bc2 Re8 13. Nf1 Bf8 14. Ng3 g6 15. d5 c6 16. dxc6 Bxc6 17. a4 Qc7 18. Bg5 Bg7 19. Nd2 Nc5 20. Qf3 Qe7 21. a5 Ne6 22. Be3 Rac8 23. Nb3 Qb7 24. Nd2 d5 25. Bb6 d4 26. Nb3 Nd7 27. Qg4 Nxb6 28. axb6 Qxb6 29. Nf5 Bd7 0-1

[Event "BCF-chT3 1415 (4NCL)"]
[Site "England"]
[Date "2015.03.21"]
[Round "8.99"]
[White "Bevan, Peter M"]
[Black "Acey, Gerald"]
[Result "1/2-1/2"]
[WhiteElo "2025"]
[BlackElo "2118"]
[PlyCount "86"]
[EventDate "2015.03.21"]
[EventType "team-swiss"]
[EventRounds "11"]
[EventCountry "ENG"]
[SourceTitle "EXT 2016"]
[Source "ChessBase"]
[SourceDate "2015.10.08"]
[SourceVersion "1"]
[SourceVersionDate "2015.10.08"]
[SourceQuality "1"]
[WhiteTeam "Rhyfelwyr Essyllwg II"]
[BlackTeam "Cheddleton II"]
[WhiteTeamCountry "ENG"]
[BlackTeamCountry "ENG"]

1. c4 e6 2. g3 d5 3. Nf3 c5 4. b3 Nc6 5. e3 Nf6 6. Bg2 Be7 7. 0-0 0-0 8. d3 b6 9. Bb2 Bb7 10. Qe2 Qc7 11. Nc3 Rad8 12. Rac1 Qb8 13. cxd5 Nxd5 14. Nxd5 exd5 15. d4 Nb4 16. Qd2 Ba6 17. Rfd1 Nd3 18. Bf1 Nxb2 19. Qxb2 Bxf1 20. Kxf1 Qb7 21. Qe2 Rfe8 22. Kg2 Bd6 23. Qb5 a6 24. Qd3 Bf8 25. a4 g6 26. a5 cxd4 27. Nxd4 bxa5 28. Rc6 Rd6 29. Rdc1 Rxc6 30. Rxc6 Ra8 31. h4 Bg7 32. Qc3 Bxd4 33. exd4 Qe7 34. Qf3 Qe4 35. Rc5 Rb8 36. Rxa5 Qxf3+ 37. Kxf3 Rxb3+ 38. Kf4 Rb6 39. Rxd5 Kf8 40. Rd7 Rf6+ 41. Ke3 Ke8 42. Ra7 h5 43. d5 Rf5 1/2-1/2

[Event "BCF-chT3N 1415 (4NCL)"]
[Site "England"]
[Date "2014.11.16"]
[Round "2.57"]
[White "Acey, Gerald"]
[Black "Dargan, Paul AG"]
[Result "0-1"]
[WhiteElo "2118"]
[BlackElo "2133"]
[PlyCount "68"]
[EventDate "2014.11.15"]
[EventType "team-swiss"]
[EventRounds "6"]
[EventCountry "ENG"]
[SourceTitle "CBM 163 Extra"]
[Source "ChessBase"]
[SourceDate "2014.12.23"]
[SourceVersion "1"]
[SourceVersionDate "2014.12.23"]
[SourceQuality "1"]
[WhiteTeam "Cheddleton II"]
[BlackTeam "North East England"]
[WhiteTeamCountry "ENG"]
[BlackTeamCountry "ENG"]

1. d4 Nf6 2. Nf3 e6 3. g3 c5 4. Bg2 Nc6 5. 0-0 d5 6. c4 Be7 7. cxd5 exd5 8. Nc3 0-0 9. Bg5 cxd4 10. Nxd4 Re8 11. Rc1 h6 12. Be3 Bf8 13. Na4 Ng4 14. Nxc6 bxc6 15. Bc5 Ba6 16. Bxf8 Bxe2 17. Qd4 Kxf8 18. Rfe1 Qf6 19. Qc5+ Kg8 20. h3 Bb5 21. hxg4 Bxa4 22. b3 Bb5 23. a4 Bd3 24. Rxe8+ Rxe8 25. Qxc6 Re1+ 26. Kh2 Rxc1 27. Qxc1 Qxf2 28. Kh3 Be2 29. Qc8+ Kh7 30. Qd7 d4 31. Qxa7 Bf1 32. Qb7 d3 33. Qe4+ g6 34. Kh4 Qxg2 0-1

[Event "BCF-chT3N 1415 (4NCL)"]
[Site "England"]
[Date "2014.11.15"]
[Round "1.77"]
[White "Taylor, Robert Keith"]
[Black "Acey, Gerald"]
[Result "1/2-1/2"]
[WhiteElo "1985"]
[BlackElo "2118"]
[PlyCount "68"]
[EventDate "2014.11.15"]
[EventType "team-swiss"]
[EventRounds "6"]
[EventCountry "ENG"]
[SourceTitle "CBM 163 Extra"]
[Source "ChessBase"]
[SourceDate "2014.12.23"]
[SourceVersion "1"]
[SourceVersionDate "2014.12.23"]
[SourceQuality "1"]
[WhiteTeam "Manchester Manticores II"]
[BlackTeam "Cheddleton II"]
[WhiteTeamCountry "ENG"]
[BlackTeamCountry "ENG"]

1. e4 e5 2. Nf3 Nc6 3. Nc3 Nf6 4. a3 Be7 5. d4 exd4 6. Nxd4 0-0 7. Be3 d5 8. exd5 Nxd5 9. Nxc6 bxc6 10. Qf3 Nxe3 11. fxe3 Rb8 12. Bd3 Bh4+ 13. g3 Bf6 14. 0-0 Qe7 15. Rab1 Be6 16. Qe4 g6 17. Ne2 Bd5 18. Qxe7 Bxe7 19. c4 Be6 20. Nf4 Bc5 21. Rfe1 Rfd8 22. b4 Be7 23. Rbd1 Bg4 24. Be2 Bf5 25. Rxd8+ Rxd8 26. Rd1 Rxd1+ 27. Bxd1 Bf6 28. Bf3 Bb2 29. Bxc6 Bxa3 30. e4 Bg4 31. Nd5 Kf8 32. Kf2 Be6 33. b5 Bc5+ 34. Kf3 Bxd5 1/2-1/2

[Event "BCF-chT3 1314 (4NCL)"]
[Site "England"]
[Date "2014.03.23"]
[Round "8.167"]
[White "Adams, Mark"]
[Black "Acey, Gerald"]
[Result "1/2-1/2"]
[WhiteElo "1978"]
[BlackElo "2128"]
[PlyCount "69"]
[EventDate "2013.11.16"]
[EventType "team-swiss"]
[EventRounds "11"]
[EventCountry "ENG"]
[SourceTitle "EXT 2015"]
[Source "ChessBase"]
[SourceDate "2014.11.20"]
[SourceVersion "1"]
[SourceVersionDate "2014.11.20"]
[SourceQuality "1"]
[WhiteTeam "The Full Ponty"]
[BlackTeam "Cheddleton II"]
[WhiteTeamCountry "ENG"]
[BlackTeamCountry "ENG"]

1. e4 e5 2. Nf3 Nc6 3. Nc3 Nf6 4. d4 exd4 5. Nxd4 Bb4 6. Nxc6 bxc6 7. Bd3 d5 8. exd5 cxd5 9. 0-0 0-0 10. Bg5 c6 11. Qf3 Be7 12. Rfe1 Be6 13. h3 Rb8 14. Nd1 c5 15. b3 d4 16. Bxf6 Bxf6 17. Nb2 Re8 18. Kf1 Qd6 19. g4 h5 20. Rab1 Bh4 21. Bc4 Re7 22. Kg1 Rbe8 23. Nd3 Bxc4 24. Rxe7 Qxe7 25. bxc4 Qe6 26. Re1 Qd7 27. Rxe8+ Qxe8 28. gxh5 Qa4 29. Qa8+ Kh7 30. Qe4+ Kg8 31. Qxh4 Qxc2 32. Qe4 Qxc4 33. Qe8+ Kh7 34. Qe4+ Kg8 35. Qe8+ 1/2-1/2

[Event "BCF-chT3N 1314 (4NCL)"]
[Site "England"]
[Date "2014.02.09"]
[Round "6.58"]
[White "Mitchell, Martin"]
[Black "Acey, Gerald"]
[Result "1/2-1/2"]
[WhiteElo "2219"]
[BlackElo "2116"]
[PlyCount "94"]
[EventDate "2013.11.16"]
[EventType "team-swiss"]
[EventRounds "6"]
[EventCountry "ENG"]
[SourceTitle "EXT 2015"]
[Source "ChessBase"]
[SourceDate "2014.11.20"]
[SourceVersion "1"]
[SourceVersionDate "2014.11.20"]
[SourceQuality "1"]
[WhiteTeam "Spirit of Atticus"]
[BlackTeam "Cheddleton II"]
[WhiteTeamCountry "ENG"]
[BlackTeamCountry "ENG"]

1. d4 d5 2. c4 e6 3. Nc3 c5 4. cxd5 exd5 5. Nf3 Nc6 6. g3 Nf6 7. Bg2 Be7 8. 0-0 0-0 9. Bg5 c4 10. Ne5 Be6 11. b3 h6 12. Nxc6 bxc6 13. Bxf6 Bxf6 14. Na4 Rc8 15. Nc5 Bf5 16. e3 Be7 17. Qf3 Bg6 18. Bh3 Rc7 19. Bf5 Bxc5 20. dxc5 Qf6 21. Qf4 Bxf5 22. Qxc7 Bh3 23. Qf4 Bxf1 24. Qxf6 gxf6 25. Kxf1 Rb8 26. bxc4 dxc4 27. Rc1 Rb2 28. a3 Rb3 29. Rxc4 Rxa3 30. Rd4 Rc3 31. Rd6 Rxc5 32. Rxf6 Kg7 33. Rf4 a5 34. Ra4 Kf6 35. Ke2 Ke6 36. e4 Rb5 37. Ke3 Kd6 38. Rd4+ Kc7 39. f4 Rb3+ 40. Ke2 Rb2+ 41. Rd2 Rb4 42. e5 a4 43. Ke3 a3 44. Ra2 Ra4 45. Kd3 c5 46. Kc3 c4 47. Kd4 Kd7 1/2-1/2

[Event "BCF-chT2 1011 (4NCL) North"]
[Site "England"]
[Date "2011.02.19"]
[Round "5"]
[White "Williamson, Roger G"]
[Black "Acey, Gerald"]
[Result "1/2-1/2"]
[WhiteElo "2187"]
[BlackElo "2090"]
[PlyCount "84"]
[EventDate "2010.11.06"]
[EventType "team-swiss"]
[EventRounds "9"]
[EventCountry "ENG"]
[SourceTitle "EXT 2012"]
[Source "ChessBase"]
[SourceDate "2011.11.24"]
[SourceVersion "1"]
[SourceVersionDate "2011.11.24"]
[SourceQuality "1"]

1. e4 Nf6 2. e5 Nd5 3. d4 d6 4. Nf3 dxe5 5. Nxe5 c6 6. Bc4 g6 7. 0-0 Bg7 8. Bb3 Nd7 9. Nf3 0-0 10. Re1 N7f6 11. h3 a5 12. a3 Qc7 13. c4 Nb6 14. Nc3 Bf5 15. Bg5 Rad8 16. Bh4 Nc8 17. g4 Nxg4 18. hxg4 Bxg4 19. Bg3 Qb6 20. Na4 Qa7 21. Re4 Bxf3 22. Qxf3 Rxd4 23. Rae1 b5 24. cxb5 cxb5 25. Nc3 Rxe4 26. Qxe4 Qc5 27. Qf3 b4 28. axb4 Qxb4 29. Qd1 h5 30. Nd5 Qc5 31. Be5 Bxe5 32. Rxe5 Kg7 33. Qe2 Qc1+ 34. Kg2 e6 35. Ne3 Qc6+ 36. f3 a4 37. Ba2 Ne7 38. Qd2 Rb8 39. Re4 Qb5 40. Nc4 Nf5 41. Qc3+ Kg8 42. Qd2 Qd5 1/2-1/2

[Event "BCF-chT4 0506 (4NCL)"]
[Site "West Bromwich"]
[Date "2006.03.19"]
[Round "8.4"]
[White "Pedersen, Carsten"]
[Black "Acey, Gerald"]
[Result "0-1"]
[WhiteElo "2175"]
[BlackElo "2140"]
[PlyCount "42"]
[EventDate "2005.11.05"]
[EventType "team"]
[EventRounds "11"]
[EventCountry "ENG"]
[SourceTitle "CBM 109 Extra"]
[Source "ChessBase"]
[SourceDate "2006.01.03"]
[SourceVersion "2"]
[SourceVersionDate "2006.01.03"]
[SourceQuality "1"]
[WhiteTeam "Athenaeum"]
[BlackTeam "Cheddleton"]
[WhiteTeamCountry "ENG"]
[BlackTeamCountry "ENG"]

1. e4 g6 2. Bc4 Bg7 3. Qf3 e6 4. Nc3 d6 5. d3 Ne7 6. Bg5 Nd7 7. Qg3 h6 8. Bd2 a6 9. a4 b6 10. Nge2 Bb7 11. 0-0 Nf6 12. Bb3 0-0 13. Qh3 Kh7 14. Ng3 e5 15. f4 exf4 16. Bxf4 Bc8 17. Qh4 Ng4 18. h3 Bf6 19. Qxg4 Bxg4 20. hxg4 Bd4+ 21. Kh1 Nd5 0-1

[Event "BCF-chT4a 0405 (4NCL)"]
[Site "Telford"]
[Date "2005.04.17"]
[Round "8.1"]
[White "Acey, Gerald"]
[Black "Fowler, Simon"]
[Result "1/2-1/2"]
[WhiteElo "2130"]
[BlackElo "2154"]
[PlyCount "77"]
[EventDate "2004.11.06"]
[EventType "team"]
[EventRounds "11"]
[EventCountry "ENG"]
[SourceTitle "EXT 2006"]
[Source "ChessBase"]
[SourceDate "2005.11.24"]
[SourceVersion "1"]
[SourceVersionDate "2005.11.24"]
[SourceQuality "1"]
[WhiteTeam "Cheddleton"]
[BlackTeam "Hilsmark Kingfisher"]
[WhiteTeamCountry "ENG"]
[BlackTeamCountry "ENG"]

1. d4 d5 2. Nf3 c6 3. Bf4 Bg4 4. e3 Nd7 5. Be2 e6 6. 0-0 Ngf6 7. h3 Bh5 8. Ne5 Bxe2 9. Qxe2 Nxe5 10. Bxe5 Nd7 11. Bg3 g6 12. Nd2 Bg7 13. c3 0-0 14. e4 Qb6 15. Rab1 Rfe8 16. e5 c5 17. Nf3 Rac8 18. Rfd1 Rc7 19. Bf4 Rec8 20. Be3 Qa5 21. a3 Qa4 22. h4 b5 23. dxc5 Nxe5 24. Bd4 Nxf3+ 25. Qxf3 e5 26. Be3 d4 27. cxd4 exd4 28. b3 Qxa3 29. Bxd4 Bxd4 30. Rxd4 Rxc5 31. Rbd1 Rc1 32. Kh2 Qe7 33. g3 Rxd1 34. Qxd1 Qc5 35. b4 Qb6 36. Qd2 Rc4 37. Rd8+ Kg7 38. Qb2+ Kh6 39. Qd2+ 1/2-1/2

[Event "BCF-chT4 0304 (4NCL)"]
[Site "West Bromwich "]
[Date "2004.05.30"]
[Round "8.4"]
[White "Acey, Gerald"]
[Black "Parmar, Amisha"]
[Result "1-0"]
[WhiteElo "2008"]
[BlackElo "1384"]
[PlyCount "55"]
[EventDate "2003.10.??"]
[EventType "team"]
[EventRounds "11"]
[EventCountry "ENG"]
[SourceTitle "EXT 2005"]
[Source "ChessBase"]
[SourceDate "2004.11.15"]
[SourceVersion "1"]
[SourceVersionDate "2004.11.15"]
[SourceQuality "1"]
[WhiteTeam "Cheddleton"]
[BlackTeam "Hilsmark Kingfisher III"]
[WhiteTeamCountry "ENG"]
[BlackTeamCountry "ENG"]

1. d4 Nf6 2. c4 g6 3. Nc3 Bg7 4. e4 d6 5. f4 c5 6. d5 e6 7. Nf3 exd5 8. cxd5 0-0 9. Be2 Re8 10. e5 dxe5 11. fxe5 Ng4 12. 0-0 Nxe5 13. Bf4 Nbd7 14. d6 Ng4 15. Nd5 Rb8 16. Ng5 Bd4+ 17. Kh1 Nf2+ 18. Rxf2 Bxf2 19. Ne7+ Kg7 20. Qb3 Rf8 21. Bc4 Qe8 22. Rf1 b5 23. Rxf2 bxc4 24. Qc3+ f6 25. Ne6+ Kf7 26. Nc7 Nb6 27. Nxe8 Rxe8 28. Bg5 1-0

[Event "BCF-chT4 0304 (4NCL)"]
[Site "West Bromwich "]
[Date "2004.03.27"]
[Round "5.5"]
[White "Read, Matthew"]
[Black "Acey, Gerald"]
[Result "0-1"]
[WhiteElo "1480"]
[BlackElo "2008"]
[PlyCount "80"]
[EventDate "2003.10.??"]
[EventType "team"]
[EventRounds "11"]
[EventCountry "ENG"]
[SourceTitle "EXT 2005"]
[Source "ChessBase"]
[SourceDate "2004.11.15"]
[SourceVersion "1"]
[SourceVersionDate "2004.11.15"]
[SourceQuality "1"]
[WhiteTeam "Oxford II"]
[BlackTeam "Cheddleton"]
[WhiteTeamCountry "ENG"]
[BlackTeamCountry "ENG"]

1. b4 e5 2. a3 d6 3. Bb2 Nf6 4. e3 Be7 5. d3 0-0 6. Be2 Nbd7 7. Nf3 c6 8. Nbd2 Qc7 9. c4 b6 10. 0-0 Bb7 11. Rc1 Rad8 12. Qc2 Rfe8 13. d4 Bf8 14. b5 Qb8 15. bxc6 Bxc6 16. d5 Bb7 17. a4 Rc8 18. Ba3 Bxd5 19. Qa2 Ba8 20. Rfd1 Nc5 21. a5 Nfd7 22. axb6 axb6 23. Nf1 Bc6 24. Qb1 Qa7 25. Ng5 g6 26. Bxc5 Nxc5 27. Ng3 Qb7 28. Bf3 e4 29. Be2 Rcd8 30. Nh3 d5 31. cxd5 Bxd5 32. Nf4 Bc6 33. Bc4 b5 34. Be2 b4 35. Bc4 b3 36. Rxd8 Rxd8 37. Bxb3 Qxb3 38. Qxb3 Nxb3 39. Rxc6 Rd1+ 40. Nf1 Nd2 0-1

[Event "BCF-chT3 0203 (4NCL)"]
[Site "West Bromwich"]
[Date "2003.05.25"]
[Round "10.4"]
[White "Acey, Gerald"]
[Black "Lutton, E Josiah"]
[Result "1/2-1/2"]
[WhiteElo "2024"]
[BlackElo "2032"]
[PlyCount "110"]
[EventDate "2002.11.??"]
[EventType "team"]
[EventRounds "11"]
[EventCountry "ENG"]
[SourceTitle "EXT 2004"]
[Source "ChessBase"]
[SourceDate "2003.11.25"]
[SourceVersion "1"]
[SourceVersionDate "2003.11.25"]
[SourceQuality "1"]
[WhiteTeam "Slough II"]
[BlackTeam "South County Stars"]
[WhiteTeamCountry "ENG"]
[BlackTeamCountry "ENG"]

1. Nf3 b5 2. g3 Bb7 3. Bg2 e6 4. c3 Nf6 5. a4 bxa4 6. Qxa4 Be7 7. d3 0-0 8. e4 d6 9. 0-0 Nbd7 10. Re1 e5 11. Nbd2 Nb6 12. Qc2 Nfd7 13. Nf1 a5 14. d4 h6 15. h4 f6 16. Ne3 Kh8 17. Nf5 Kh7 18. Nh2 Rg8 19. Ng4 Bf8 20. Qe2 Qe8 21. h5 Nc8 22. Bf3 Ne7 23. Nh4 Ba6 24. Qd1 Bc8 25. Ne3 Nb6 26. Bg4 g5 27. hxg6+ Nxg6 28. Bh5 exd4 29. Nxg6 dxe3 30. Nxf8+ Qxf8 31. Bxe3 Nc4 32. Qd5 Nxe3 33. Qxa8 Nc2 34. Bf3 Nxe1 35. Rxe1 Rg5 36. Ra1 Qg8 37. Bg2 Rb5 38. Rxa5 Rxb2 39. Ra7 Rb1+ 40. Kh2 Bb7 41. Qxg8+ Kxg8 42. g4 Kf8 43. e5 Bxg2 44. Kxg2 fxe5 45. Rxc7 Kg8 46. Kf3 Rd1 47. Ke4 Rd2 48. f3 Re2+ 49. Kd3 Rf2 50. Ke3 Rc2 51. c4 d5 52. Kd3 Rc1 53. Rc5 e4+ 54. fxe4 dxc4+ 55. Rxc4 Rg1 1/2-1/2

[Event "BCF-chT3 0203 (4NCL)"]
[Site "West Bromwich"]
[Date "2003.05.24"]
[Round "9.4"]
[White "Young, Craig A"]
[Black "Acey, Gerald"]
[Result "1-0"]
[WhiteElo "2090"]
[BlackElo "2024"]
[PlyCount "79"]
[EventDate "2002.11.??"]
[EventType "team"]
[EventRounds "11"]
[EventCountry "ENG"]
[SourceTitle "EXT 2004"]
[Source "ChessBase"]
[SourceDate "2003.11.25"]
[SourceVersion "1"]
[SourceVersionDate "2003.11.25"]
[SourceQuality "1"]
[WhiteTeam "Poisoned Pawns II"]
[BlackTeam "Slough II"]
[WhiteTeamCountry "ENG"]
[BlackTeamCountry "ENG"]

1. d4 d5 2. c4 e6 3. Nf3 Nf6 4. Nc3 Be7 5. Bf4 0-0 6. e3 c5 7. dxc5 Bxc5 8. Be2 dxc4 9. Qxd8 Rxd8 10. Bxc4 Nc6 11. 0-0 a6 12. Rfd1 b5 13. Rxd8+ Nxd8 14. Bb3 Bb7 15. Ne5 Nc6 16. Nxc6 Bxc6 17. Rd1 Be7 18. Bc7 Kf8 19. h3 Ke8 20. a3 Rc8 21. Ba5 Ne4 22. Nxe4 Bxe4 23. f3 Bc6 24. Bc3 g6 25. Kf2 Bd7 26. Be5 a5 27. Rd2 a4 28. Bd1 b4 29. axb4 Bxb4 30. Rd4 Bc5 31. Rh4 a3 32. bxa3 Bxa3 33. Rxh7 Ke7 34. f4 Rc1 35. Bf3 Bb4 36. Be4 Be1+ 37. Kf3 Ba4 38. Kg4 Bd1+ 39. Kg5 Bh5 40. g4 1-0